| 000 | 004650000a22001810004500 | ||
|---|---|---|---|
| 003 | MACL | ||
| 005 | 20150708151647.0 | ||
| 008 | 150708b xxu||||| |||| 00| 0 eng d | ||
| 040 |
_aMACL _cMACL |
||
| 041 | _aEnglish | ||
| 082 | _a320/KUM | ||
| 100 |
_aKumar, Arun _91464 |
||
| 245 |
_aBattle For The Heartland _bThe November 1993 Assembly Elections |
||
| 260 |
_bRupa Co. _c1994 _aDelhi |
||
| 350 | _a195 | ||
| 650 |
_aPolitical Science _988 |
||
| 942 |
_cBK _k320 _2ddc |
||
| 999 |
_c3498 _d3498 |
||